| 000 | 00793nam a22002177a 4500 | ||
|---|---|---|---|
| 001 | 00003219 | ||
| 003 | DO-SdBNP | ||
| 005 | 20180307103654.0 | ||
| 007 | 00003219 | ||
| 008 | 160602b xxu||||| |||| 00| 0 spa d | ||
| 020 | _a9789945467031 | ||
| 040 |
_aBPMSU _bspa _cBPMSU |
||
| 092 |
_axxxxx _bxxxxx |
||
| 245 | _aManual de laboratorio biología y física, para el 2 bachillerato : | ||
| 260 |
_aSanto Domingo : _bDiseda, _c201-?. |
||
| 300 |
_a45 p. ; _bil. ; _c28 cm. |
||
| 500 | _aEste texto está concebido y elaborado bajo los criterios y la estructura del currículo vigente para el 2do curso bachillerato, educación media, de la Secretaría de Estado de Educación. | ||
| 942 |
_2ddc _cBK |
||
| 945 | _ainventariado, 2018 / dg | ||
| 956 |
_2LOPEREZ _310 _620160602 _8BPMSU _a00041 |
||
| 999 |
_c10259 _d10259 |
||